000 00285nam a2200109Ia 4500
008 200302s9999 xx 000 0 und d
100 _aNikolaus Pevsner
245 _aThe Art and Architecture of India Buddhist Hindu Jain
260 _bPenguin Books Ltd.
260 _c1953
300 _a288 P.,
999 _c16
_d16